000 00728nam a2200253 a 4500
001 000024371
005 20200930022944.0
008 110126s1996 sp 000 j spa d
020 _a842042899X
040 _aDO-SdBNP
_bspa
_cBNPHU
082 _a863.64
_bP438ca, 1996
100 1 _aPérez-Reverte, Arturo,
_d1951-
_912816
240 1 3 _aUn asunto de honor
245 1 3 _aCachito :
_bun asunto de honor /
_cArturo Pérez-Reverte.
250 _a4a ed.
260 _aMadrid :
_bAlfaguara,
_c1996.
300 _a140 p. ;
_c18 cm.
490 1 _aAlfaguara bolsillo
_v7
650 4 _aCuentos españoles
_93194
650 4 _aLiteratura española
_9632
830 3 _aAlfaguara bolsillo ;
_v7
_94125
910 _aWM
049 _aBNRG
999 _c23864
_d23864